Investment haven of the East.
| Format: | Book |
|---|---|
| Published: |
Kuala Terengganu:
Terengganu State Economic Planning Unit,
2008.
|
| Subjects: |
| LEADER | 00419cam a2200133 7i4500 | ||
|---|---|---|---|
| 001 | 0000022280 | ||
| 005 | 20090112090000.0 | ||
| 090 | 0 | 0 | |a M 332.6 |b INV |
| 245 | 0 | 0 | |a Investment haven of the East. |
| 260 | 0 | 0 | |a Kuala Terengganu: |b Terengganu State Economic Planning Unit, |c 2008. |
| 300 | # | # | |a 104 p. |
| 650 | 0 | 0 | |a Investments -- |z Terengganu, Malaysia |
| 651 | 0 | 0 | |a Malaysia |
| 999 | |a TRG000084H |b Book |c Malaysia |e MATRADE Eastern Regional Office | ||